000 00505cam a2200205ua 4500
001 9246
005 20260515114438.0
008 150224n ii |||gr||||Z||||||eng
020 _a9788131515778
040 _cMAIN
041 _aeng
082 _a050
100 _aO`Brien B,
_eEditor
245 1 _aGeneral knowledge manual :
_b2012 /
_cEdited by Barry O` Brien .
250 _a1st.
260 _aDelhi:
_bCengage,
_c2011.
300 _a1024p.
653 _aGeneral serial publications
942 _cBK
999 _c8308
_d8308